The language of children

Enregistré dans:
Détails bibliographiques
Auteur principal: Gillen, Julia
Format: Livre
Langue:Undetermined
Publié: London,New York Routledge 2003
Sujets:
Tags: Ajouter un tag
Pas de tags, Soyez le premier à ajouter un tag!
Thư viện lưu trữ: Trung tâm Học liệu Trường Đại học Cần Thơ
LEADER 00500nam a2200193Ia 4500
001 CTU_117773
008 210402s9999 xx 000 0 und d
082 |a 401.93 
082 |b G476 
100 |a Gillen, Julia 
245 4 |a The language of children 
245 0 |c Julia Gillen 
260 |a London,New York 
260 |b Routledge 
260 |c 2003 
650 |a Language acquisition,Children 
650 |x Language 
904 |i Truc 
980 |a Trung tâm Học liệu Trường Đại học Cần Thơ